000 01936cam a22005534i 4500
003 PE-LiUPU
005 20250731180108.0
008 150623s r 000 0 d
020 _a069705392X
035 _a(Sirsi) i9780697053923
040 _aPE-LiUPU
_bspa
_cPE-LiUPU
_erda
049 _aPRUA
082 0 4 _a577
_bL54
_221
100 1 _aLewis, Ricki,
_eautor.
245 1 0 _aLife :
_bbeginnings of life, animal life, plant life, evolution of life, Behavior and ecology of life /
_cRicki Lewis, autores colaboradores, Judith Goodenough, Randall C. Moore.
264 1 _aDubuke, IA :
_bWilliam C. Brown Publishers,
_c1992.
300 _a760 páginas :
_bilustraciones fotos, gráfs, diagrámas ;
_c28 centímetros
336 _atext
_2rdacontent
337 _aunmediated
_2rdamedia
338 _avolume
_2rdacarrier
504 _aBibliografía al final de cada capítulo.
505 0 _aOverview of biology. -Cell biology. -Reproduction and development. -Genetics. -Animal biology. -Plant biology. -Evolution. -Behavior and ecology.
526 _aSEG44
526 _aSEG26
526 _aP159
526 _aP155
526 _aP154
526 _aP153
526 _aP150
526 _aP100
526 _aP31
526 _aP30
526 _aP26
526 _aP25
526 _aP24
526 _aP22
526 _aP15
526 _aP10
650 0 4 _aBiología humana.
650 0 4 _aBiología.
700 1 _aGoodenough, Judith,
_ecolab.
700 1 _aMoore, Randy,
_ecolab.
942 _2ddc
_cBOOK
949 _a577 L54
_wDEWEY
_c1
_i45152
_lCCODEBUL1
_mBUL
_r0
_sY
_tBOOK
_u2015-6-24
_xEDUCACION
_zUNKNOWN
_0COMPRA
_o.STAFF. Colección General
994 _aC0
_bPEPRU
596 _a1
999 _a577 L54
_wDEWEY
_c22034
_i45152
_d22034
_f2021-11-5
_g5
_lCCODEBUL1
_mBUL
_q4
_r0
_sN
_tBOOK
_u2015-6-24
_xBIBLIOTECA
_zUNKNOWN
_0COMPRA
_o.STAFF. Colección General
980 _81
_gALBERTO SANCHEZ Responsable de Automatización